| 000 | 00491ntaaa2200193 4500 | ||
|---|---|---|---|
| 003 | 01 | ||
| 005 | 20251027202842.0 | ||
| 008 | 0714s1973 ag 01 | ||
| 040 |
_aAR-BaBN _bspa _cAR-BaBN _eaacr _dRIC |
||
| 082 | _a268.7000 W58 | ||
| 100 |
_aWhitehouse, Elizabeth S _929139 |
||
| 245 | _aOpening the Bible to children | ||
| 250 | _a1 ed. | ||
| 260 |
_aSt. Louis : _bBethany Press, _cc1954, 1960 |
||
| 300 | _a80 p | ||
| 650 |
_aBiblia-programas _929140 |
||
| 650 | _aprogramas | ||
| 942 | _cBK | ||
| 999 |
_c23904 _d23904 |
||